000
00196 a2200097 4500
001
10476
100
_a
White, JB
245
_a
Sabotage is suspected
260
_a
_b
Evans
_c
090
_c
8095
_d
8095
942
_a
NUST-CAE
_c
M
_c
34817
999
_c
245549
_d
245549